| 000 | 00000nam##2200000za#4500 |
| 001 | 9.572159 |
| 003 | CaOODSP |
| 005 | 20231208112824 |
| 007 | cr ||||||||||| |
| 008 | 150406|2009||||xxc|||||o f|0| 0 eng|d |
| 040 | |aCaOODSP|beng |
| 043 | |an-cn--- |
| 086 | 1 |aPS83-5/R213E-PDF |
| 110 | 1 |aCorrectional Service Canada. |bResearch Branch. |
| 245 | 13|aAn examination of the effectiveness of Tupiq : |h[electronic resource]|ba culturally specific program for Inuit sex offenders / |cprepared by Stewart, L. A. |
| 260 | |bCorrectional Service Canada. |cOctober 2009. |
| 300 | |a1p. |
| 490 | 1 |aResearch at a glance|vR213 |
| 500 | |aFor the associated Research Report, please see catalogue number PS83-3/213E-PDF. |
| 504 | |aBibliography. |
| 590 | |a11-28-Supp|b2011-11-17 |
| 720 | 1 |aStewart, L. A |
| 775 | 08|tExamen de l'efficacité du programme Tupiq : |w(CaOODSP)9.602571 |
| 830 | #0|aResearch at a glance (Correctional Service Canada)|vR213|w(CaOODSP)9.506649 |
| 856 | 40|ahttp://publications.gc.ca|qPDF|s93 KB|uhttps://publications.gc.ca/collections/collection_2011/scc-csc/PS83-5-R213-eng.pdf|yR213 |